<?xml version="1.0" encoding="UTF-8"?>
<collection xmlns="http://www.loc.gov/MARC21/slim">
  <record>
    <leader>00000nam  2200000   4500</leader>
    <controlfield tag="001">INLIS000000000020778</controlfield>
    <controlfield tag="005">20250807032800</controlfield>
    <datafield tag="035" ind1="#" ind2="#">
      <subfield code="a">0010-0825000056</subfield>
    </datafield>
    <controlfield tag="007">ta</controlfield>
    <controlfield tag="008">250807################|##########|#|##</controlfield>
    <datafield tag="084" ind1="#" ind2="#">
      <subfield code="a">R 0030 PKP 2024</subfield>
    </datafield>
    <datafield tag="100" ind1=" " ind2="#">
      <subfield code="a">Netisman Gea</subfield>
    </datafield>
    <datafield tag="245" ind1="1" ind2="#">
      <subfield code="a">Revitalisasi Program Pokok PKK Melalui Kerjasama Antar Instansi dan Lembaga Dalam Pembinaan PKK /</subfield>
      <subfield code="c">Netisman Gea</subfield>
    </datafield>
    <datafield tag="260" ind1="#" ind2="#">
      <subfield code="a">Jakarta :</subfield>
      <subfield code="b">Pusbangkom Pimnas dan Manajerial ASN,</subfield>
      <subfield code="c">2024</subfield>
    </datafield>
    <datafield tag="300" ind1="#" ind2="#">
      <subfield code="a">49 hlm. ;</subfield>
      <subfield code="c">30 cm</subfield>
    </datafield>
    <datafield tag="650" ind1="#" ind2="4">
      <subfield code="a">Revitalisasi</subfield>
    </datafield>
    <datafield tag="650" ind1="#" ind2="4">
      <subfield code="a">Pemberdayaan Kesejahteraan Keluarga</subfield>
    </datafield>
    <datafield tag="520" ind1="#" ind2="#">
      <subfield code="a">Revitalisasi program pokok PKK ini adalah upaya untuk memperkuat, memperbaharui, dan meningkatkan pelaksanaan sepuluh program pokok Pemberdayaan Kesejahteraan Keluarga (PKK), khususnya di wilayah Kecamatan Somolo-molo. KAIL BINA PKK adalah singkatan dari "Kerjasama Antar Instansi dan Lembaga dalam Pembinaan PKK". KAIL BINA PKK digerakkan secara bersama-sama oleh TIM yang dibentuk melalui SK Camat Somolo-molo yang berfungsi untuk memudahkan perumusan prioritas kegiatan dan penjadwalan pelaksanaan kegiatan tersebut, yang akan dilaksanakan secara bersama-sama dan berkelanjutan.</subfield>
    </datafield>
    <datafield tag="990" ind1="#" ind2="#">
      <subfield code="a">2024/1.2.4/A/0030</subfield>
    </datafield>
  </record>
</collection>
